Science Quiz

Random Science or World Quiz

'P' Natural World Quiz Stats

 Plays Quiz not verified by Sporcle

Also try: 'R' Natural World
Challenge
Share
Tweet
Embed
Score 0/21 Timer 05:00
0 Plays Today
Hint Answer % Correct
Which large black and white flightless seabird is found mostly in Antarctica?Penguin
90.2%
Which rodent has a coat of sharp spines or quills that defends it from predators?Porcupine
87.7%
Which male bird has long tail feathers with eye-like markings that can be erected and fanned out in display?Peacock
87.4%
Which large water bird has a long beak and a large throat pouch used for catching prey?Pelican
86.2%
Which large non-venomous snake kills its prey by constriction and asphyxiation?Python
85.1%
Which microscopic organism drifting in the sea is the source of food for many large fish and whales?Plankton
84.4%
Which sharp-toothed South American freshwater fish has a reputation as a fearsome predator?Piranha
81.3%
Which large American wild cat is also known as a cougar, mountain lion and panther?Puma
79%
Which Dolphin-like creature is a small toothed whale with a triangular dorsal fin and a blunt rounded snout?Porpoise
72.7%
Which falcon that dives on its prey from height can reach speeds of over 200 mph?Peregrine
67.5%
What name is given to small parrot with predominantly green plumage and a long tail?Parakeet
65.2%
Hint Answer % Correct
What name is given to a ground squirrel native to the grasslands of North America that lives in 'towns'?Prairie dog
59.7%
Which large tropical fruit consists of edible yellow flesh surrounded by a tough segmented skin?Pineapple
59%
Which breed of toy dog shares its name with the French for 'Butterfly'?Papillon
54.5%
Which long-bodied predatory freshwater fish has a pointed snout and large teeth?Pike
52.2%
Which Arctic seabird with a brightly coloured triangular bill is also called an auk?Puffin
51.7%
Which type of North American pigeon had been hunted to extinction by 1914?Passenger pigeon
49.6%
The flesh of which large round orange-yellow fruit with a thick rind is used in sweet or savoury dishes?Pumpkin
26.7%
Which small oily fish within the herring family is also known as a sardine?Pilchard
23.2%
Plum, peach and apricot all belong to which genus of tree or shrub?Prunus
14.6%
Which large shark found chiefly in the North Atlantic and Mediterranean is also called the mackerel shark?Porbeagle
7.9%

You're not logged in!

Compare scores with friends on all Sporcle quizzes.
OR
Log In

You Might Also Like...

Show Comments

Extras

Top Quizzes Today


Score Distribution

Your Account Isn't Verified!

In order to create a playlist on Sporcle, you need to verify the email address you used during registration. Go to your Sporcle Settings to finish the process.

Report this User

Report this user for behavior that violates our Community Guidelines.

Details: